| 000 | 01502cam a22004337a 4500 | ||
|---|---|---|---|
| 001 | 000093778 | ||
| 003 | CHAP | ||
| 005 | 20220329142951.0 | ||
| 008 | 050506d2005 mx r 00110 spa d | ||
| 010 | _a90244 | ||
| 011 | _a91216 | ||
| 035 | _a101774 | ||
| 040 | _cCHAP | ||
| 090 | _aTesis | ||
| 100 | 0 | 0 |
_aLópez López, Víctor Ismael. _968060 |
| 245 | 1 | 0 |
_aCaracterización de la dinámica de adsorción de aniones en sustratos de uso agrícola / _c/por Víctor Ismael López López. |
| 260 |
_aChapingo, Méx. : _bEl autor, _c2005. |
||
| 300 | _a56 h. | ||
| 502 | _aTesis (Ing. en Irrigación) - - UACH. Departamento de Irrigación | ||
| 590 |
_aALEPH _b10 _c20130110 _lUCH01 _h1505 |
||
| 590 |
_aBATCH-UPD _b10 _c20130110 _lUCH01 _h0610 |
||
| 590 |
_aBATCH-UPD _b10 _c20130110 _lUCH01 _h2312 |
||
| 590 |
_aBATCH-UPD _b10 _c20130410 _lUCH01 _h0252 |
||
| 590 |
_aBATCH-UPD _b10 _c20130914 _lUCH01 _h0341 |
||
| 590 |
_aBATCH-UPD _b10 _c20140324 _lUCH01 _h1450 |
||
| 590 |
_aBATCH-UPD _b10 _c20141002 _lUCH01 _h0826 |
||
| 590 |
_aCONVERSION _b10 _c20130109 _lUCH01 _h1350 |
||
| 590 |
_aE5765TAJ _b10 _c20130619 _lUCH01 _h0941 |
||
| 650 | 1 | 4 |
_aAdsorcion. _9969 |
| 650 | 1 | 4 |
_aAniones. _95921 |
| 650 | 1 | 4 |
_aSustratos. _9110789 |
| 856 |
_3Finding aid _uhttp://10.13.5.2/tesis/101774.pdf _zTeclea aquí |
||
| 901 | _aBK | ||
| 905 | _aLilia | ||
| 942 | _cCD | ||
| 942 | _n0 | ||
| 949 |
_aTesis _bBC _cTES _d1017741 _eTS1 _h43841 _i101774 _sb |
||
| 949 |
_aTesis _bBC _cTES _d33724000949517 _eTS2 _fc.2 _h43842 _i101774 _sb |
||
| 999 |
_c90244 _d90244 |
||